Tour de France 2025 - Top 30 au classement général - Statistiques

Statistiques générales
  • Ce quiz a été pris 275 fois
  • Le résultat moyen est 22 sur 30
Statistiques - réponses
Coureur Équipe Temps % Correct
2 Jonas Vingegaard Team Visma | Lease a bike +4:24m
100%
1 Tadej Pogacar UAE Team Emirates XRG 76:00:32h
100%
3 Florian Lipowitz Red Bull - Bora-Hansgrohe +11:00m
97%
7 Kevin Vauquelin Arkéa-B&B Hotels +22:35m
97%
8 Primoz Roglic Red Bull - Bora-Hansgrohe +25:30m
97%
5 Felix Gall Decathlon AG2R La Mondiale Team +17:12m
96%
4 Oscar Onley Team Picnic PostNL +12:12m
94%
10 Jordan Jegat TotalEnergies +32:42m
91%
9 Ben Healy EF Education-EasyPost +28:02m
90%
11 Ben O'Connor Team Jayco AlUla +34:34m
88%
24 Adam Yates UAE Team Emirates XRG +1:48:41h
87%
15 Simon Yates Team Visma | Lease a bike +1:17:30h
87%
6 Tobias Johannessen Uno-X Mobility +20:14m
81%
16 Guillaume Martin Groupama-FDJ +1:18:07h
80%
17 Sepp Kuss Team Visma | Lease a bike +1:20:24h
78%
19 Matteo Jorgenson Team Visma | Lease a bike +1:29:28h
76%
12 Thymen Arensman INEOS Grenadiers +52:41m
75%
13 Jhonatan Narváez UAE Team Emirates XRG +1:04:36h
73%
20 Cristian Rodriguez Arkéa-B&B Hotels +1:36:15h
68%
21 Valentin Madouas Groupama-FDJ +1:39:46h
60%
25 Aurélien Paret-Peintre Decathlon AG2R La Mondiale Team +2:12:52h
54%
29 Marc Soler UAE Team Emirates XRG +2:21:01h
52%
28 Victor Campenaerts Team Visma | Lease a bike +2:20:36h
52%
23 Warren Barguil Team Picnic PostNL +1:48:09h
49%
27 Aleksandr Vlasov Red Bull - Bora-Hansgrohe +2:16:15h
48%
30 Emanuel Buchmann Cofidis +2:21:34h
45%
14 Sergio Higuita XDS Astana Team +1:08:19h
43%
26 Raúl García Pierna Arkéa-B&B Hotels +2:15:58h
41%
22 Xandro Meurisse Alpecin-Deceuninck +1:43:46h
31%
18 Gregor Mühlberger Movistar Team +1:28:17h
22%
Aucun quiz correspondant
Distribution des résultats
% des personnes avec chaque résultat
Percentile par nombre de réponses
Votre historique - résultats
Vous n’avez pas pris ce quiz